Listening matters / Jill Keppeler
Available copies
- 1 of 1 copy available at LARL/NWRL Consortium.
- 1 of 1 copy available at Lake Agassiz Regional Library. (Show preferred library)
Current holds
0 current holds with 1 total copy.
Show Only Available Copies
| Location | Call Number / Copy Notes | Barcode | Shelving Location | Status | Due Date |
|---|---|---|---|---|---|
| Moorhead Public Library | J 153.68 KEP (Text) | 33500014362875 | New | Available | - |
Record details
- ISBN: 1499457030
- ISBN: 9781499457032
- ISBN: 1499457049
- ISBN: 9781499457049
- Physical Description: 24 pages : illustrations ; 21 cm
- Publisher: Buffalo, New York : Powerkids Press, 2026
Content descriptions
| Summary, etc.: | Everyone on this planet is different. We're ... Read More |
Search for related items by subject
Search for related items by series
| LDR | 02463cam a2200517 i 4500 | ||
|---|---|---|---|
| 001 | 484886 | ||
| 003 | LARL_NWRL_CONSORTIUM | ||
| 005 | 20260414144009.0 | ||
| 008 | 251003s2025 nyua j 001 0 eng d | ||
| 040 | . | ‡aYDX ‡beng ‡erda ‡cYDX ‡dBDX ‡dOCLCO ‡dIG# ‡dOCLCQ ‡dHCO ‡dOCLCO ‡dJFL | |
| 019 | . | ‡a1543002369 | |
| 020 | . | ‡a1499457030 | |
| 020 | . | ‡a9781499457032 | |
| 020 | . | ‡a1499457049 | |
| 020 | . | ‡a9781499457049 ‡q(library binding) | |
| 035 | . | ‡a(OCoLC)1543001408 ‡z(OCoLC)1543002369 | |
| 082 | 0 | 4. | ‡a362.4 ‡223 |
| 100 | 1 | . | ‡aKeppeler, Jill, ‡eauthor. ‡1https://id.oclc.org/worldcat/entity/E39PCjDyddJg6Jt4wfTCT8pkjC |
| 245 | 1 | 0. | ‡aListening matters / ‡cJill Keppeler |
| 264 | 1. | ‡aBuffalo, New York : ‡bPowerkids Press, ‡c2026 | |
| 300 | . | ‡a24 pages : ‡billustrations ; ‡c21 cm | |
| 336 | . | ‡atext ‡btxt ‡2rdacontent | |
| 337 | . | ‡aunmediated ‡bn ‡2rdamedia | |
| 338 | . | ‡avolume ‡bnc ‡2rdacarrier | |
| 490 | 0 | . | ‡aDisability pride |
| 520 | . | ‡aEveryone on this planet is different. We're different shapes and shades. We like different things, and we learn in different ways. This is one of the reasons why it's so important to communicate with each other! To communicate means to use words, sounds, signs, or behaviors to show your ideas thoughts and feelings. But just as it's important to communicate, it's also important to listen or pay attention when other people communicate with you. -- ‡cpage 4 | |
| 650 | 0. | ‡aPeople with disabilities ‡vJuvenile literature. ‡0(LARL_NWRL_CONSORTIUM)174004 | |
| 650 | 0. | ‡aChildren with disabilities ‡xMeans of communication ‡vJuvenile literature. | |
| 650 | 0. | ‡aInterpersonal communication ‡vJuvenile literature. | |
| 650 | 0. | ‡aDisabilities ‡vJuvenile literature. | |
| 650 | 0. | ‡aListening ‡vJuvenile literature. | |
| 936 | . | ‡aBATCHLOAD | |
| 901 | . | ‡a484886 ‡bAUTOGEN ‡c484886 ‡tbiblio | |

Add to basket
Permalink
Disable Highlighting